Re-diseño para el Centro Deportivo, Recreativo y Cultural Plaza Cleto González Víquez

Wedi'i Gadw mewn:
Manylion Llyfryddiaeth
Prif Awdur: Gutiérrez Esquivel, Ericka, 1990-
Awduron Eraill: Jiménez Romero, Diana María, 1972- Directora del TFG
Fformat: Llyfr
Iaith:Spanish
Cyhoeddwyd: [San José, Costa Rica] 2020
Pynciau:
Tagiau: Ychwanegu Tag
Dim Tagiau, Byddwch y cyntaf i dagio'r cofnod hwn!

MARC

LEADER 00000nam a2200000Ia 4500
003 013511
005 20230714100343.0
008 140114s2020 cr a 000 ||spa d
040 |c cru CEDI 
100 |a Gutiérrez Esquivel, Ericka, 1990-  |9 321 
245 |a Re-diseño para el Centro Deportivo, Recreativo y Cultural Plaza Cleto González Víquez  
260 |a  [San José, Costa Rica]  |c 2020 
500 |a  Proyecto de graduación (licenciatura en arquitectura)--Universidad de Costa Rica. Facultad de Ingeniería. Escuela de Arquitectura 
501 |a Director de Proyecto de Graduación: Lic. Johnny Pérez González  
610 |x Centro Deportivo, Recreativo y Cultural Plaza Cleto González Víquez (San José, Costa Rica) 
650 |x DISEÑO ARQUITECTONICO   |x ARQUITECTURA - DISEÑOS Y PLANOS  |x CENTROS DE RECREO 
700 |a Jiménez Romero, Diana María, 1972-  |d Directora del TFG   |9 238 
942 |c CEDI  |h TFG 8662  |6 TFG_8662_000000000000000 
999 |c 22013  |d 22013